Computer-aided control systems design: (Record no. 33408)

000 -LEADER
fixed length control field 02333cam a2200445 a 4500
001 - CONTROL NUMBER
control field 10309206
003 - CONTROL NUMBER IDENTIFIER
control field OSt
005 - DATE AND TIME OF LATEST TRANSACTION
control field 20211123154216.0
006 - FIXED-LENGTH DATA ELEMENTS--ADDITIONAL MATERIAL CHARACTERISTICS
fixed length control field m d
007 - PHYSICAL DESCRIPTION FIXED FIELD--GENERAL INFORMATION
fixed length control field cr n
008 - FIXED-LENGTH DATA ELEMENTS--GENERAL INFORMATION
fixed length control field 120906s2012 flua sb 001 0 eng d
020 ## - INTERNATIONAL STANDARD BOOK NUMBER
International Standard Book Number 9781466568518 (hardback)
035 ## - SYSTEM CONTROL NUMBER
System control number (WaSeSS)ssj0000803513
038 ## - RECORD CONTENT LICENSOR
Staff Name Khadija
040 ## - CATALOGING SOURCE
Original cataloging agency DLC
Transcribing agency DLC
Modifying agency DLC
-- WaSeSS
042 ## - AUTHENTICATION CODE
Authentication code pcc
050 #4 - LIBRARY OF CONGRESS CALL NUMBER
Classification number TJ217
Item number .C478 2013
082 00 - DEWEY DECIMAL CLASSIFICATION NUMBER
Classification number 629.89553
Edition number 23
Author Mark CHI
084 ## - OTHER CLASSIFICATION NUMBER
Classification number TEC007000
-- TEC008000
-- TEC031020
Number source bisacsh
100 1# - MAIN ENTRY--PERSONAL NAME
Personal name Chin, Cheng Siong.
9 (RLIN) 84945
210 10 - ABBREVIATED TITLE
Abbreviated title Computer-aided control systems design
245 10 - TITLE STATEMENT
Title Computer-aided control systems design:
Remainder of title practical applications using MATLAB and Simulink /
Statement of responsibility, etc. Cheng Siong Chin.
260 ## - PUBLICATION, DISTRIBUTION, ETC.
Place of publication, distribution, etc. Boca Raton, FL :
Name of publisher, distributor, etc. Taylor & Francis,
Date of publication, distribution, etc. c2013.
504 ## - BIBLIOGRAPHY, ETC. NOTE
Bibliography, etc. note Includes bibliographical references and index.
506 ## - RESTRICTIONS ON ACCESS NOTE
Terms governing access License restrictions may limit access.
520 ## - SUMMARY, ETC.
Summary, etc. "This book emphasizes applying control fundamentals to practical industry systems such as ALSTOM gasifier system in power station and underwater robotic vehicle (URV) in marine industry. The text begins with basic principles such as understanding the control engineering and recognizing that powerful software packages exist to aid the control systems design. For practicality, the choice and emphasis of material is guided by the basic objective of making an engineer or student capable of dealing with practical control problems in industry"--
563 ## - BINDING INFORMATION
Binding note HB
650 #0 - SUBJECT ADDED ENTRY--TOPICAL TERM
Topical term or geographic name entry element Adaptive control systems
General subdivision Design and construction
-- Data processing.
9 (RLIN) 84946
650 #0 - SUBJECT ADDED ENTRY--TOPICAL TERM
Topical term or geographic name entry element Automatic control
General subdivision Computer simulation.
9 (RLIN) 84947
650 #0 - SUBJECT ADDED ENTRY--TOPICAL TERM
Topical term or geographic name entry element Control theory
General subdivision Mathematics.
9 (RLIN) 84948
650 #7 - SUBJECT ADDED ENTRY--TOPICAL TERM
Topical term or geographic name entry element TECHNOLOGY & ENGINEERING / Electrical
Source of heading or term bisacsh.
9 (RLIN) 84949
650 #7 - SUBJECT ADDED ENTRY--TOPICAL TERM
Topical term or geographic name entry element TECHNOLOGY & ENGINEERING / Electronics / General
Source of heading or term bisacsh.
9 (RLIN) 84950
650 #7 - SUBJECT ADDED ENTRY--TOPICAL TERM
Topical term or geographic name entry element TECHNOLOGY & ENGINEERING / Power Resources / Electrical
Source of heading or term bisacsh.
9 (RLIN) 84951
773 #0 - HOST ITEM ENTRY
Title ENGnetBASE
773 #0 - HOST ITEM ENTRY
Title ELECTRICALENGINEERINGnetBASE
856 40 - ELECTRONIC LOCATION AND ACCESS
Uniform Resource Identifier <a href="http://www.columbia.edu/cgi-bin/cul/resolve?clio10309206.001">http://www.columbia.edu/cgi-bin/cul/resolve?clio10309206.001</a>
Public note Full text available from ELECTRICALENGINEERINGnetBASE
856 40 - ELECTRONIC LOCATION AND ACCESS
Uniform Resource Identifier <a href="http://www.columbia.edu/cgi-bin/cul/resolve?clio10309206.002">http://www.columbia.edu/cgi-bin/cul/resolve?clio10309206.002</a>
Public note Full text available from ENGnetBASE
910 ## - USER-OPTION DATA (OCLC)
User-option data Library of Congress record
942 ## - ADDED ENTRY ELEMENTS (KOHA)
Source of classification or shelving scheme
Koha item type Book
Holdings
Withdrawn status Lost status Source of classification or shelving scheme Damaged status Not for loan Permanent Location Current Location Shelving location Date acquired Total Checkouts Full call number Barcode Date last seen Date last checked out Price effective from Koha item type
          School of Mechanical & Manufacturing Engineering (SMME) School of Mechanical & Manufacturing Engineering (SMME) General Stacks 02/23/2016 1 629.89553 CHI SMME-2467 08/29/2025 09/20/2022 02/23/2016 Book
© 2023 Central Library, National University of Sciences and Technology. All Rights Reserved.